[Event "UT Dallas Fall Open 2017"]
[Site "Dallas USA"]
[Date "2017.11.20"]
[Round "6.8"]
[White "Sevian, Samuel"]
[Black "Brown, Michael William"]
[Result "1-0"]
[WhiteTitle "GM"]
[BlackTitle "IM"]
[WhiteElo "2615"]
[BlackElo "2514"]
[WhiteFideId "2040506"]
[BlackFideId "2037602"]
[EventDate "2017.11.17"]

1. e4 e5 2. Nf3 Nc6 3. Bb5 a6 4. Ba4 Nf6 5. O-O Be7 6. Re1 b5 7. Bb3 d6 8. c3
O-O 9. h3 Na5 10. Bc2 c5 11. d4 Qc7 12. Nbd2 cxd4 13. cxd4 Rd8 14. d5 Bd7 15. a3
Nc4 16. b3 Nxd2 17. Bxd2 Rdc8 18. Bd3 Be8 19. Nh2 Nd7 20. Ng4 Qd8 21. Ne3 Nc5
22. Bc2 Bg5 23. Rc1 g6 24. g3 h5 25. Rf1 Qe7 26. f4 Bf6 27. f5 Nd7 28. Kh1 Bg5
29. Qf3 Bxe3 30. Qxe3 f6 31. fxg6 Bxg6 32. Bb1 Nc5 33. b4 Na4 34. Rc6 Rxc6 35.
dxc6 Nb2 36. Qf2 Nc4 37. Bh6 Kh7 38. Bc1 Qe6 39. g4 Kg7 40. Qh4 Rh8 41. g5 Rf8
42. c7 Nb6 43. gxf6+ Rxf6 44. Rxf6 Qxf6 45. Bh6+ Kf7 46. Ba2+ Ke7 47. Bf8+ 1-0

[Event "UT Dallas Fall Open 2017"]
[Site "Dallas USA"]
[Date "2017.11.20"]
[Round "6.9"]
[White "Gorovets, Andrey"]
[Black "Prasanna, Raghuram Rao"]
[Result "1/2-1/2"]
[WhiteTitle "IM"]
[BlackTitle "IM"]
[WhiteElo "2529"]
[BlackElo "2459"]
[WhiteFideId "13504037"]
[BlackFideId "5022401"]
[EventDate "2017.11.17"]

1. d4 Nf6 2. Bf4 e6 3. e3 c5 4. c3 Be7 5. Nd2 cxd4 6. exd4 O-O 7. Bd3 d6 8. Ngf3
b6 9. Qe2 Bb7 10. h3 Nbd7 11. O-O Re8 12. Bh2 Bf8 13. Nc4 Qc7 14. a4 Rad8 1/2-1/2

[Event "UT Dallas Fall Open 2017"]
[Site "Dallas USA"]
[Date "2017.11.20"]
[Round "6.10"]
[White "Ider, Borya"]
[Black "Shtembuliak, Evgeny"]
[Result "1/2-1/2"]
[WhiteTitle "IM"]
[BlackTitle "IM"]
[WhiteElo "2515"]
[BlackElo "2490"]
[WhiteFideId "4901134"]
[BlackFideId "14113325"]
[EventDate "2017.11.17"]

1. Nf3 Nf6 2. g3 g6 3. Bg2 Bg7 4. d4 O-O 5. O-O d6 6. c4 c6 7. Nc3 Bf5 8. Nh4
Be6 9. Qd3 d5 10. cxd5 Nxd5 11. Rd1 a5 12. Nf3 Nb6 13. Bf4 Na6 14. Rac1 Nb4 15.
Qb1 N4d5 16. Bd2 Nc4 17. Be1 Bh6 18. Ne4 Bxc1 19. Qxc1 Nd6 20. Nc5 Bg4 21. e4
Nb4 22. a3 Na6 23. e5 Nf5 24. Nxb7 Qb6 25. Nxa5 Bxf3 26. Bxf3 Nxd4 27. Rxd4 Qxd4
28. Nxc6 Qd7 29. Qd2 Qc7 30. Qd4 Rae8 31. Bc3 Nb8 32. e6 f6 33. Nb4 Rd8 34. Qe3
Qd6 35. a4 Na6 36. Nc6 Rc8 37. Nd4 Rfd8 38. h4 Nc5 39. h5 Kg7 40. hxg6 hxg6 41.
a5 Na4 42. Nf5+ gxf5 43. Qg5+ Kh8 44. Qh6+ Kg8 45. Qg6+ Kh8 46. Qh5+ Kg8 47.
Qg6+ Kh8 48. Bxf6+ exf6 49. Qxf6+ Kg8 50. Qg6+ Kh8 51. Qh6+ Kg8 52. Qg6+ Kh8 53.
Qf6+ Kg8 54. Qg6+ Kh8 55. Qh6+ 1/2-1/2

[Event "UT Dallas Fall Open 2017"]
[Site "Dallas USA"]
[Date "2017.11.20"]
[Round "6.11"]
[White "Rahul, Srivatshav P"]
[Black "Matsenko, Sergei"]
[Result "0-1"]
[BlackTitle "IM"]
[WhiteElo "2375"]
[BlackElo "2550"]
[WhiteFideId "25059653"]
[BlackFideId "4170083"]
[EventDate "2017.11.17"]

1. d4 Nf6 2. c4 e6 3. Nc3 Bb4 4. e3 O-O 5. Ne2 d5 6. a3 Bd6 7. Ng3 c5 8. dxc5
Bxc5 9. b4 Be7 10. Bb2 dxc4 11. Bxc4 Qxd1+ 12. Rxd1 Nbd7 13. Nce4 Nxe4 14. Nxe4
Nb6 15. Bb3 Bd7 16. Bd4 Bc6 17. Nc3 Rfc8 18. O-O Be8 19. Rc1 Nc4 20. Nb1 b5 21.
Bc3 Rc7 22. Rfd1 Rac8 23. Bd4 e5 24. Ba1 Kf8 25. Bxc4 f6 26. Nd2 bxc4 27. Ne4
Bg6 28. Nc3 Rd8 29. f3 Bd3 30. e4 Rcc8 31. Nd5 Bd6 32. Bc3 Kf7 33. Bd2 Ke6 34.
Be3 Ra8 35. Bc5 Bxc5+ 36. bxc5 Rac8 37. Nb4 a5 38. Nxd3 Rxd3 39. Rxd3 cxd3 40.
Rd1 Rxc5 41. Rxd3 a4 42. Re3 Rc2 43. Kf1 h5 44. h4 Ra2 45. Rd3 Rb2 46. Re3 Rc2
47. Rd3 Ra2 48. Kg1 g6 49. Kf1 Rc2 50. Kg1 f5 51. exf5+ gxf5 52. Kf1 Ra2 53. Kg1
Rc2 54. Kf1 Rc4 55. g3 Rc2 56. Kg1 Ra2 57. Kf1 Rb2 58. Ke1 Rg2 59. Rd8 Ra2 60.
Rd3 Rg2 61. Rd8 Rxg3 62. Kf2 Rh3 63. Re8+ Kd6 64. Rf8 Rxh4 65. Rxf5 Ke6 66. Rf8
Rc4 67. Kg3 Kd5 68. Rd8+ Ke6 69. Rh8 h4+ 70. Kf2 Kd5 71. Rd8+ Kc5 72. Rh8 Rf4
73. Ke3 Rc4 74. Rc8+ Kd5 75. Rd8+ Ke6 76. Rh8 Kf6 77. Rh5 Rd4 78. Rh8 Kg6 79.
Kf2 Rd3 80. Rxh4 Rxa3 81. Rb4 Ra1 82. Rb6+ Kf5 83. Ra6 a3 84. Kg2 Kf4 85. Ra4+
Kf5 86. Ra6 e4 87. fxe4+ Kxe4 88. Re6+ Kd4 89. Kf2 a2 90. Rd6+ Kc5 91. Ra6 Rh1 0-1

[Event "UT Dallas Fall Open 2017"]
[Site "Dallas USA"]
[Date "2017.11.20"]
[Round "6.12"]
[White "Hernandez Carmenate, Holden"]
[Black "Perelshteyn, Eugene"]
[Result "1/2-1/2"]
[WhiteTitle "GM"]
[BlackTitle "GM"]
[WhiteElo "2462"]
[BlackElo "2523"]
[WhiteFideId "3504387"]
[BlackFideId "2012529"]
[EventDate "2017.11.17"]

1. d4 Nf6 2. Bg5 c5 3. Bxf6 exf6 4. c3 Qb6 5. Qd2 d5 6. e3 Nc6 7. Ne2 Be6 8. Nf4
cxd4 9. exd4 Bd6 10. Nxe6 fxe6 11. Bd3 O-O 12. O-O e5 13. dxe5 fxe5 14. Bc2 Ne7
15. Bb3 Kh8 16. c4 dxc4 17. Bxc4 Rf4 18. Qe2 Raf8 19. Nc3 Rxf2 20. Kh1 Ng6 21.
Rxf2 Rxf2 22. Qd3 Rf8 23. Ne4 Be7 24. g3 Rd8 25. Qe2 Rd4 26. Rf1 Qc6 27. Bd3 Qd5
28. Bb1 Qc6 29. h4 Rd8 30. Kh2 Rf8 31. h5 Rxf1 32. Qxf1 Nf8 33. Qf7 Qe6 34. Ng5
Qf6 35. Be4 h6 36. Bd5 Qxf7 37. Nxf7+ Kh7 38. Be4+ Kg8 39. Nxe5 Bf6 40. Bd5+ Kh7
41. Nd3 b6 42. b4 Nd7 43. b5 Be7 44. Be6 Nf6 45. Bf7 Bd6 46. Kg2 g5 47. hxg6+
Kg7 48. Nf4 Bxf4 49. gxf4 Nh5 50. Kf3 Kf6 51. Ke4 Ng3+ 52. Kd5 Nf5 53. a4 h5 54.
Be6 Ne7+ 55. Kd6 Nxg6 56. Bc8 Nxf4 57. Kc7 Ne6+ 58. Kd6 Nf4 59. Kc6 Ne6 60. Kd6
Nf4 61. Kc6 Ne6 1/2-1/2

[Event "UT Dallas Fall Open 2017"]
[Site "Dallas USA"]
[Date "2017.11.20"]
[Round "6.13"]
[White "Kadric, Denis"]
[Black "Vazquez, Guillermo"]
[Result "1-0"]
[WhiteTitle "GM"]
[BlackTitle "IM"]
[WhiteElo "2505"]
[BlackElo "2427"]
[WhiteFideId "14403803"]
[BlackFideId "3702308"]
[EventDate "2017.11.17"]

1. e4 c5 2. Nc3 a6 3. g3 b5 4. Bg2 Bb7 5. d3 e6 6. Nh3 Nf6 7. O-O d6 8. f4 Be7
9. e5 Nd5 10. Nxd5 exd5 11. e6 fxe6 12. Qg4 O-O 13. Qxe6+ Kh8 14. Re1 Nc6 15. c3
Ra7 16. Bxd5 Bc8 17. Qe2 Nd4 18. cxd4 Bxh3 19. Be3 Rc7 20. Bf2 Qd7 21. Be6 Bxe6
22. Qxe6 Rfc8 23. Rac1 h6 24. b3 Qxe6 25. Rxe6 cxd4 26. Rxc7 Rxc7 27. Bxd4 Kg8
28. f5 Kf7 29. Kf2 h5 30. Kf3 Bf8 31. Re2 Rc8 32. h3 a5 33. g4 hxg4+ 34. hxg4 a4
35. bxa4 bxa4 36. Rb2 1-0

[Event "UT Dallas Fall Open 2017"]
[Site "Dallas USA"]
[Date "2017.11.20"]
[Round "6.14"]
[White "Raznikov, Danny"]
[Black "Ghatti, Sanjay"]
[Result "1-0"]
[WhiteTitle "GM"]
[BlackTitle "FM"]
[WhiteElo "2488"]
[BlackElo "2178"]
[WhiteFideId "2811154"]
[BlackFideId "2076438"]
[EventDate "2017.11.17"]

1. Nf3 Nf6 2. c4 e6 3. b3 d5 4. Bb2 Be7 5. e3 c5 6. cxd5 exd5 7. d4 O-O 8. Be2
Nc6 9. O-O Ne4 10. dxc5 Bf6 11. Nd4 Nxc5 12. Nxc6 bxc6 13. Qc1 Ne4 14. Nc3 Bf5
15. Rd1 Re8 16. Bd3 Bxc3 17. Bxc3 Qg5 18. Bf1 Re6 19. Be1 Bg4 20. f4 Qh5 21. Rd4
c5 22. Rd3 Be2 23. Bxe2 Qxe2 24. Qd1 Qxd1 25. Raxd1 Nf6 26. Bc3 c4 27. bxc4 dxc4
28. Rd8+ Re8 29. Rxa8 Rxa8 30. Rd4 Rc8 31. e4 h6 32. e5 Ne8 33. Kf2 g6 34. g4
Ng7 35. Ke3 h5 36. h3 hxg4 37. hxg4 Ne6 38. Rd7 a6 39. Rd6 Nc5 40. f5 gxf5 41.
gxf5 Na4 42. Bd2 c3 43. Bc1 Nb2 44. Rxa6 Rc5 45. Kd4 Rc4+ 46. Kd5 Rg4 47. e6
fxe6+ 48. fxe6 Kf8 49. Ra8+ Ke7 50. Ra7+ Ke8 51. Rc7 Rg3 52. Bf4 Rg4 53. Kd6 Kf8
54. Rc8+ Kg7 55. e7 Rg6+ 56. Kd5 1-0

[Event "UT Dallas Fall Open 2017"]
[Site "Dallas USA"]
[Date "2017.11.20"]
[Round "6.15"]
[White "Thavandiran, Shiyam"]
[Black "Drozdowski, Kacper"]
[Result "1-0"]
[WhiteTitle "FM"]
[BlackTitle "IM"]
[WhiteElo "2389"]
[BlackElo "2467"]
[WhiteFideId "2605058"]
[BlackFideId "1136720"]
[EventDate "2017.11.17"]

1. e4 c5 2. Nf3 e6 3. d4 cxd4 4. Nxd4 a6 5. Bd3 Nf6 6. O-O d6 7. c4 Nbd7 8. Nc3
g6 9. Be3 Bg7 10. h3 O-O 11. Qd2 Ne5 12. Be2 d5 13. cxd5 exd5 14. f4 Nc4 15.
Bxc4 dxc4 16. Rad1 Re8 17. e5 Nd7 18. Nf3 Qc7 19. Ne4 Nf8 20. Qd6 Qxd6 21. Nxd6
Re7 22. Nxc4 Be6 23. Nb6 Rae8 24. b3 Rc7 25. Nd4 h5 26. Rc1 Rxc1 27. Rxc1 f6 28.
exf6 Bxf6 29. Nxe6 Rxe6 30. Kf2 Bd8 31. Nc4 Bc7 32. Nd2 Bd6 33. Rc8 b5 34. Kf3
Bb4 35. Ne4 Be7 36. g4 hxg4+ 37. hxg4 Kf7 38. Rc7 Ke8 39. f5 gxf5 40. gxf5 Kd8
41. Rxe7 Rxe7 42. Bg5 Ke8 43. Bxe7 Kxe7 44. Ke3 Nd7 45. Kd4 a5 46. Kd5 b4 47.
Kc6 Ne5+ 48. Kb5 Kd7 49. Kxa5 Nc6+ 50. Ka4 Nd4 51. f6 Nc2 52. Kb5 Ke6 53. Kc4
Kf7 54. Kd3 Na3 55. Kd4 Ke6 56. Kc5 Nc2 57. Nf2 Kxf6 58. Nd3 Kf5 59. Nxb4 Na3
60. Nd5 Ke6 61. Kc6 Nc2 62. Kc5 Ke5 63. b4 Nd4 64. Nc3 Ne6+ 65. Kc4 Kd6 66. a4
Nd8 67. Ne4+ Kc6 68. a5 Nb7 69. b5+ Kc7 70. a6 Nd8 71. Ng5 Kb6 72. Kb4 Ka7 73.
Kc5 Kb8 74. Kb6 Nb7 75. Nf7 Ka8 76. axb7+ Kb8 77. Kc6 Ka7 78. Ne5 1-0

[Event "UT Dallas Fall Open 2017"]
[Site "Dallas USA"]
[Date "2017.11.20"]
[Round "6.16"]
[White "Richard, Emma"]
[Black "Ynojosa Aponte, Felix Jose"]
[Result "0-1"]
[WhiteTitle "WFM"]
[BlackTitle "IM"]
[WhiteElo "2080"]
[BlackElo "2423"]
[WhiteFideId "657590"]
[BlackFideId "3900258"]
[EventDate "2017.11.17"]

1. e4 c5 2. Nf3 Nc6 3. Bb5 e6 4. O-O Nge7 5. Re1 Nd4 6. Bf1 Nec6 7. c3 Nxf3+ 8.
Qxf3 Be7 9. Qd1 O-O 10. d4 cxd4 11. cxd4 d5 12. exd5 Qxd5 13. Be3 Rd8 14. Nc3
Qa5 15. Ne4 b6 16. a3 Qd5 17. Nc3 Qd7 18. Bd3 Bb7 19. Be4 Bf6 20. Qh5 g6 21. Qf3
Bg7 22. Rad1 f5 23. Bxc6 Qxc6 24. Qxc6 Bxc6 25. Bg5 Rxd4 26. Rxd4 Bxd4 27. Rxe6
Re8 28. Rxe8+ Bxe8 29. Kf1 Bc6 30. Bf4 Kf7 31. f3 Bf6 32. Ke2 g5 33. Bb8 a6 34.
g3 h5 35. h3 h4 36. gxh4 gxh4 37. a4 Ke6 38. Ke3 Bg5+ 39. Bf4 Be7 40. Bc7 Bc5+
41. Ke2 Kd7 42. Bf4 Be7 43. Be5 Ke6 44. Bd4 b5 45. axb5 axb5 46. Nd1 f4 47. Bb6
Bd5 48. Nc3 Bc4+ 49. Kf2 Bf6 50. Bc5 Bd3 51. Ke1 Bf5 52. Nxb5 Bxh3 53. Bd6 Kf5
54. b4 Bg2 55. Kf2 h3 56. Bc5 Ke6 57. Nd4+ Kd5 58. Nf5 Bh1 59. Kg1 Bxf3 60. Kh2
Bg4 61. Ne7+ Ke4 62. b5 Bh4 63. Nc6 Bg3+ 64. Kh1 Bf3+ 0-1

[Event "UT Dallas Fall Open 2017"]
[Site "Dallas USA"]
[Date "2017.11.20"]
[Round "6.17"]
[White "Kambrath, Yannick"]
[Black "Stremavicius, Titas"]
[Result "0-1"]
[WhiteTitle "FM"]
[BlackTitle "IM"]
[WhiteElo "2332"]
[BlackElo "2422"]
[WhiteFideId "20632525"]
[BlackFideId "12804444"]
[EventDate "2017.11.17"]

1. d4 d5 2. c4 e6 3. Nf3 Nf6 4. Nc3 Nbd7 5. e3 c6 6. a3 a6 7. c5 Qe7 8. b4 e5 9.
dxe5 Nxe5 10. Be2 Bg4 11. Nxe5 Qxe5 12. Bb2 Bxe2 13. Qxe2 Qh5 14. Qxh5 Nxh5 15.
e4 Nf4 16. O-O-O dxe4 17. Rhe1 Rd8 18. Nxe4 Rxd1+ 19. Rxd1 f6 20. Nd2 Nxg2 21.
Nc4 Nf4 22. Nb6 Ne6 23. Rd7 Nd8 24. Kd1 h5 25. Bc1 g5 26. Rc7 Rg8 27. Nc4 Rg6
28. Bb2 h4 29. Ke2 g4 30. Bc1 f5 31. Kf1 Be7 32. Bf4 Re6 33. Ne3 Re4 34. Nxf5
Rxf4 35. Nxe7 Rf7 0-1

[Event "UT Dallas Fall Open 2017"]
[Site "Dallas USA"]
[Date "2017.11.20"]
[Round "6.18"]
[White "Danelia, Mariam"]
[Black "Kavutskiy, Konstantin"]
[Result "1/2-1/2"]
[WhiteTitle "WIM"]
[BlackTitle "IM"]
[WhiteElo "2153"]
[BlackElo "2396"]
[WhiteFideId "13603671"]
[BlackFideId "2026384"]
[EventDate "2017.11.17"]

1. d4 Nf6 2. c4 g6 3. Nc3 Bg7 4. e4 d6 5. f3 O-O 6. Be3 c5 7. Nge2 b6 8. Qd2 Ba6
9. b3 e6 10. g3 Nc6 11. Bg2 e5 12. d5 Nd4 13. O-O Rb8 14. Rab1 b5 15. cxb5 Nxb5
16. Nxb5 Bxb5 17. Rfc1 Nd7 18. Nc3 Ba6 19. Na4 Nb6 20. Nxb6 axb6 21. b4 f5 22.
a4 f4 23. Bf2 h5 24. a5 Bh6 25. g4 hxg4 26. fxg4 Bg5 27. Bf3 Bh4 28. Bxh4 Qxh4
29. axb6 c4 30. b5 Bc8 31. Qf2 Qh3 32. Qg2 Qxg2+ 33. Kxg2 Rxb6 34. Rxc4 Bd7 35.
Rcb4 Ra8 36. R1b2 Kf7 37. Be2 Kf6 38. h3 Kg5 39. R4b3 Kh4 40. Rc3 Ra7 41. Rcb3
Ra4 42. Rb4 Ra3 43. R4b3 Ra7 44. Rb4 Kg5 45. R4b3 Ra8 46. Rb4 Kf6 47. R4b3 Ke7
48. Rb4 g5 49. R4b3 Be8 50. Bd3 Kd8 51. Kf3 Ra7 52. Rb1 Rh7 53. Kg2 Rc7 54. Ra1
Rcb7 55. Ra5 Bd7 56. Kf3 Rb8 57. Kg2 Bc8 58. Rc3 Bd7 59. Rb3 Ke7 1/2-1/2

[Event "UT Dallas Fall Open 2017"]
[Site "Dallas USA"]
[Date "2017.11.20"]
[Round "6.19"]
[White "Wheeler, Cameron"]
[Black "Premkumar, Hiren"]
[Result "1-0"]
[WhiteTitle "IM"]
[WhiteElo "2391"]
[BlackElo "2048"]
[WhiteFideId "2060531"]
[BlackFideId "2065584"]
[EventDate "2017.11.17"]

1. Nf3 d5 2. d4 e6 3. c4 c6 4. g3 Nf6 5. Bg2 Be7 6. Qc2 O-O 7. O-O b6 8. Nbd2
Bb7 9. e4 Na6 10. e5 Nd7 11. a3 Rc8 12. cxd5 cxd5 13. Qd3 Nc7 14. Re1 b5 15. Nf1
Nb6 16. h4 h6 17. b3 a5 18. Bd2 a4 19. b4 Nc4 20. Bf4 Bc6 21. N1h2 Na6 22. Rab1
Bd7 23. Bh3 Nb6 24. Ng4 Rc4 25. Kg2 Qc7 26. Nf6+ Bxf6 27. exf6 Qc8 28. fxg7 Kxg7
29. Ne5 Rc2 30. Ng4 Rg8 31. Be5+ Kf8 32. Bd6+ Kg7 33. Qe3 Rh8 34. Qe5+ Kh7 35.
Nf6+ Kg6 36. h5+ 1-0

[Event "UT Dallas Fall Open 2017"]
[Site "Dallas USA"]
[Date "2017.11.20"]
[Round "6.20"]
[White "Tsay, Vincent"]
[Black "Sarkar, Justin"]
[Result "0-1"]
[WhiteTitle "FM"]
[BlackTitle "IM"]
[WhiteElo "2221"]
[BlackElo "2354"]
[WhiteFideId "30931835"]
[BlackFideId "2010011"]
[EventDate "2017.11.17"]

1. d4 Nf6 2. c4 g6 3. Nc3 d5 4. Nf3 Bg7 5. Bf4 O-O 6. Rc1 dxc4 7. e4 Bg4 8. Bxc4
Nh5 9. Be3 Bxf3 10. gxf3 e6 11. Qd2 Qh4 12. Bg5 Qh3 13. Bf1 Qxf3 14. Rg1 e5 15.
h3 Nc6 16. d5 Nd4 17. Bg2 Nf4 18. Bxf4 Qxf4 19. Qxf4 exf4 20. Ne2 f3 21. Nxd4
fxg2 22. Ne2 Rae8 23. Rxc7 Rxe4 24. Rxg2 Rfe8 25. f3 R4e7 26. Rxe7 Rxe7 27. b3
Rd7 28. Nf4 Be5 29. Nd3 Bc3+ 30. Ke2 Rxd5 31. Rg4 b5 32. a4 f5 33. Rg1 b4 34.
Rd1 Kf7 35. Kf2 Kf6 36. Ke2 Kg5 37. h4+ Kxh4 38. Rh1+ Kg3 39. Rxh7 g5 40. Rh1
Bd4 41. Rh5 f4 42. Rh6 Rd8 43. Re6 Rh8 44. Nxb4 Bc5 45. Na6 Bb6 46. Rg6 Re8+ 47.
Kd3 Re5 48. b4 Kxf3 49. a5 Bf2 50. Nb8 g4 51. Nc6 Re1 52. Kd2 g3 53. Nd4+ Bxd4
54. Kxe1 g2 55. b5 Bc3+ 56. Kd1 Bxa5 57. Kc2 Bb6 58. Kd3 g1=R 59. Rf6 Rd1+ 60.
Kc2 Rd5 61. Rc6 Ke2 62. Re6+ Be3 63. Rh6 f3 64. Rh2+ f2 65. Rh1 f1=B 66. Rh2+
Bf2 67. b6 axb6 68. Rh8 b5 69. Re8+ Be3 70. Kb3 Kd2 71. Kb4 Rd4+ 72. Kb3 Bc4+
73. Kb2 Rd3 74. Rh8 Bd4+ 75. Kb1 Rb3+ 76. Ka2 Rb4+ 0-1

[Event "UT Dallas Fall Open 2017"]
[Site "Dallas USA"]
[Date "2017.11.20"]
[Round "6.21"]
[White "Capocyan, Sam"]
[Black "Guo, Arthur"]
[Result "1/2-1/2"]
[BlackTitle "FM"]
[WhiteElo "2150"]
[BlackElo "2219"]
[WhiteFideId "2067480"]
[BlackFideId "30903114"]
[EventDate "2017.11.17"]

1. d4 Nf6 2. c4 e6 3. Nc3 Bb4 4. g3 O-O 5. Bg2 Bxc3+ 6. bxc3 d6 7. Nf3 Nc6 8.
O-O Na5 9. Qa4 b6 10. Nd2 Rb8 11. c5 Ba6 12. Re1 Qe8 13. Qa3 dxc5 14. dxc5 Bb7
15. e4 Nd7 16. cxb6 axb6 17. Qa4 Nc5 18. Qc2 Qa4 19. Qb1 Rbd8 20. Bf1 Ba6 21.
Bxa6 Nxa6 22. Nb3 Nc4 23. Be3 Nb8 24. Nd4 c5 25. Qb5 Qxb5 26. Nxb5 Nc6 27. Bf4
e5 28. Be3 Rd7 29. Rad1 Rfd8 30. Rxd7 Rxd7 31. Kf1 N6a5 32. Bc1 Kf8 33. Ke2 Ke8
34. Rd1 Rxd1 35. Kxd1 Kd7 36. Kc2 g6 37. Kd3 f5 38. f4 Kc6 39. Na7+ Kb7 40. Nb5
Kc6 41. Na7+ Kb7 1/2-1/2

[Event "UT Dallas Fall Open 2017"]
[Site "Dallas USA"]
[Date "2017.11.20"]
[Round "6.22"]
[White "Daggupati, Balaji"]
[Black "Kung, Thomas"]
[Result "1/2-1/2"]
[WhiteTitle "FM"]
[WhiteElo "2358"]
[BlackElo "2150"]
[WhiteFideId "2090759"]
[BlackFideId "30914272"]
[EventDate "2017.11.17"]

1. e4 e5 2. Nf3 Nc6 3. Bb5 Nf6 4. d3 Bc5 5. Bxc6 dxc6 6. h3 Nd7 7. O-O O-O 8.
Nbd2 Re8 9. Nc4 f6 10. Be3 Bb6 11. Nxb6 axb6 12. Nh4 Nf8 13. Qh5 Be6 14. a3 Qd7
15. Kh2 c5 16. Rad1 Rad8 17. Qf3 Ng6 18. Qg3 Qf7 19. Nxg6 Qxg6 20. Qh4 Rd7 21.
f4 exf4 22. Bxf4 c4 23. Rf3 Bf7 24. Rdf1 Qh5 25. Qg3 Qc5 26. Bd2 Qd6 27. Qxd6
cxd6 28. Be3 b5 29. Rg3 d5 30. dxc4 bxc4 31. exd5 Rxd5 32. b3 cxb3 33. cxb3 Rd3
34. Bf4 Rxb3 35. Rxb3 Bxb3 36. Rb1 Bd5 37. Rb2 g5 38. Bd6 Re3 39. Rd2 Bc6 40.
Bc5 Re4 41. Rf2 Kf7 42. Bb4 Ke6 43. g4 Re3 44. Bf8 Be4 45. Bc5 Re1 46. Bd4 Rh1+
47. Kg3 f5 48. gxf5+ Bxf5 49. Rh2 Rd1 50. Re2+ Kd5 51. Bf6 Rd3+ 52. Kf2 Be4 53.
Re3 Rd2+ 54. Re2 Rd3 55. Re3 Rxe3 56. Kxe3 1/2-1/2

[Event "UT Dallas Fall Open 2017"]
[Site "Dallas USA"]
[Date "2017.11.20"]
[Round "6.23"]
[White "Polavaram, Rithik"]
[Black "Yim, Sung Ho"]
[Result "0-1"]
[WhiteElo "1957"]
[BlackElo "2275"]
[WhiteFideId "2081997"]
[BlackFideId "2062020"]
[EventDate "2017.11.17"]

1. d4 Nf6 2. c4 e6 3. Nc3 Bb4 4. e3 O-O 5. Ne2 c6 6. a3 Ba5 7. b4 Bc7 8. Bb2 d5
9. Ng3 Nbd7 10. Be2 dxc4 11. Bxc4 e5 12. Nce2 e4 13. Bb3 Nb6 14. Nc3 Re8 15. O-O
h5 16. f4 h4 17. Nh1 Bg4 18. Qc2 h3 19. g3 Bf3 20. Nf2 Qd7 21. Rfe1 Qf5 22. Nb1
Bg2 23. Nd2 Qg6 24. Qd1 Bxf4 25. exf4 e3 26. Bc2 exf2+ 27. Kxf2 Ng4+ 28. Kg1
Rxe1+ 29. Qxe1 Qxc2 30. Rb1 Nf6 31. Qf2 Nc4 32. Rc1 Qxd2 33. Qxd2 Nxd2 34. Rc2
Nf3+ 35. Kf2 Ng4+ 0-1

[Event "UT Dallas Fall Open 2017"]
[Site "Dallas USA"]
[Date "2017.11.20"]
[Round "6.24"]
[White "Williams, Quaitemes"]
[Black "Sanchez, Robert"]
[Result "1/2-1/2"]
[WhiteElo "2033"]
[BlackElo "1875"]
[WhiteFideId "2007398"]
[BlackFideId "2034360"]
[EventDate "2017.11.17"]

1. c4 e5 2. Nc3 Nc6 3. g3 g6 4. Bg2 Bg7 5. e4 d6 6. Nge2 Nge7 7. d3 O-O 8. O-O
f5 9. f4 fxe4 10. dxe4 exf4 11. Rxf4 Ne5 12. b3 Bg4 13. Bb2 Qd7 14. Nd5 g5 15.
Rxf8+ Rxf8 16. Nxe7+ Qxe7 17. Qd5+ Kh8 18. Bxe5 Qxe5 19. Qxe5 Bxe5 20. Rf1 Rxf1+
21. Kxf1 Kg7 22. Kf2 Kf6 23. Ke3 c5 24. Bf3 1/2-1/2

[Event "UT Dallas Fall Open 2017"]
[Site "Dallas USA"]
[Date "2017.11.21"]
[Round "7.1"]
[White "Nakar, Eylon"]
[Black "Li, Ruifeng"]
[Result "1/2-1/2"]
[WhiteTitle "IM"]
[BlackTitle "GM"]
[WhiteElo "2451"]
[BlackElo "2570"]
[WhiteFideId "2811111"]
[BlackFideId "2061074"]
[EventDate "2017.11.17"]

1. e4 c5 2. Nf3 d6 3. Bb5+ Nd7 4. c3 Nf6 5. Bd3 a6 6. Bc2 b5 7. d4 Bb7 8. Nbd2
e5 9. O-O g6 10. d5 Bg7 11. b3 O-O 12. a4 Qc7 13. Re1 Nb6 14. a5 Nbxd5 15. exd5
Nxd5 16. Bb2 f5 17. c4 Nf4 18. Ra2 Rae8 19. Nf1 e4 20. N3d2 Bxb2 21. Rxb2 Qg7
22. Ra2 Qh6 23. Ne3 Qg5 24. Kh1 Nxg2 25. Nxg2 e3 26. Nf3 Qg4 27. fxe3 Bxf3 28.
Qd2 f4 29. e4 Rf5 30. Bd1 Rxe4 31. Rxe4 Bxg2+ 32. Qxg2 Qxd1+ 33. Qg1 Qf3+ 34.
Qg2 1/2-1/2

[Event "UT Dallas Fall Open 2017"]
[Site "Dallas USA"]
[Date "2017.11.21"]
[Round "7.2"]
[White "Chandra, Akshat"]
[Black "Macieja, Bartlomiej"]
[Result "1/2-1/2"]
[WhiteTitle "GM"]
[BlackTitle "GM"]
[WhiteElo "2483"]
[BlackElo "2533"]
[WhiteFideId "25006711"]
[BlackFideId "1104306"]
[EventDate "2017.11.17"]

1. e4 c6 2. d4 d5 3. Nc3 dxe4 4. Nxe4 Bf5 5. Ng3 Bg6 6. h4 h6 7. Nf3 e6 8. Ne5
Bh7 9. Bd3 Bxd3 10. Qxd3 Nd7 11. f4 Bb4+ 12. c3 Be7 13. Bd2 Ngf6 14. O-O-O O-O
15. Ne4 Nxe4 16. Qxe4 Nxe5 17. fxe5 Qd5 18. Qxd5 cxd5 19. h5 b5 20. Rdf1 a5 21.
Rh3 a4 22. Rg3 Kh7 23. Rgf3 Kg8 24. Rg3 Kh7 25. Rgf3 Kg8 26. Rg3 1/2-1/2

[Event "UT Dallas Fall Open 2017"]
[Site "Dallas USA"]
[Date "2017.11.21"]
[Round "7.3"]
[White "Xiong, Jeffery"]
[Black "Reshef, Omer"]
[Result "1-0"]
[WhiteTitle "GM"]
[BlackTitle "IM"]
[WhiteElo "2629"]
[BlackElo "2453"]
[WhiteFideId "2047640"]
[BlackFideId "2804336"]
[EventDate "2017.11.17"]

1. d4 d5 2. c4 c6 3. Nf3 Nf6 4. Nc3 dxc4 5. a4 Bf5 6. Ne5 Nbd7 7. Nxc4 Qc7 8. g3
e5 9. dxe5 Nxe5 10. Bf4 Nfd7 11. a5 Be7 12. Bg2 O-O 13. Qd4 f6 14. Nxe5 Nxe5 15.
a6 Kh8 16. Bxe5 fxe5 17. Qc4 Rac8 18. axb7 Qxb7 19. Ra2 Qd7 20. O-O Be6 21. Rxa7
Qxa7 22. Qxe6 Bc5 23. Ne4 Qe7 24. Qc4 Ba7 25. Bf3 Rb8 26. b3 Rb4 27. Qxc6 Rxb3
28. Kg2 Rb6 29. Qa4 Rb4 30. Qc2 Bd4 31. h4 g6 32. Rh1 h5 33. Rc1 Rbb8 34. Ng5
Rf6 35. Qe4 Bb6 36. Rc2 Rbf8 37. Rb2 Rb8 38. Qb1 Qc7 39. Rc2 Qa7 40. Qc1 Qe7 41.
Ne4 Rc8 1-0

[Event "UT Dallas Fall Open 2017"]
[Site "Dallas USA"]
[Date "2017.11.21"]
[Round "7.4"]
[White "Popilski, Gil"]
[Black "Sevian, Samuel"]
[Result "1-0"]
[WhiteTitle "GM"]
[BlackTitle "GM"]
[WhiteElo "2502"]
[BlackElo "2615"]
[WhiteFideId "2809060"]
[BlackFideId "2040506"]
[EventDate "2017.11.17"]

1. d4 Nf6 2. c4 e6 3. Nf3 d5 4. Nc3 c6 5. Bg5 dxc4 6. e4 b5 7. e5 h6 8. Bh4 g5
9. Nxg5 hxg5 10. Bxg5 Nbd7 11. g3 Bb7 12. Bg2 Qb6 13. exf6 c5 14. d5 O-O-O 15.
O-O b4 16. Re1 bxc3 17. bxc3 e5 18. Rb1 Qd6 19. Qa4 Qa6 20. Qc2 Bd6 21. a4 Kc7
22. a5 Rb8 23. h4 Ba8 24. Qa4 Rb3 25. Rxb3 cxb3 26. c4 e4 27. Qxb3 Qxa5 28. Rxe4
Qa1+ 29. Kh2 a5 30. Bh3 Rb8 31. Qe3 Rb1 32. Bg2 Ne5 33. h5 a4 34. Qd2 Rb4 35. h6
Qb2 36. Qe1 a3 37. Bc1 Qa1 38. h7 Ng6 39. Re7+ Kb6 40. Rxf7 Qe5 41. Qxe5 Bxe5
42. Bxa3 Rxc4 43. Rg7 Nh8 44. Rg8 Rh4+ 45. Kg1 Rxh7 46. Rxa8 Bxf6 47. Rc8 Bd4
48. Rc6+ Kb5 49. Bf1+ Ka4 50. Bxc5 Bxc5 51. Rxc5 Kb4 52. Rc4+ Kb3 53. Rh4 Rxh4
54. gxh4 Kb4 55. d6 Nf7 56. d7 Kc5 57. h5 Kd6 58. Bc4 1-0